000 00422nam a2200181Ia 4500
001 5256
005 20260306145855.0
008 260306t2007||||xx |||||||||||||| ||spa||
041 _aESP
082 _a338.4791
_bP26A
100 _aPardo, Manuela
_eAUT
245 0 _aRecursos humanos para turismo
260 _c2007
300 _a456 páginas :
_c25 cm.
650 _aGEN
654 _aCAN
942 _cLIB
_dJUS
_fJUS
_2ddc
_n
999 _c5256
_d5256